| 000 | 00888 a2200253 4500 | ||
|---|---|---|---|
| 001 | 52916 | ||
| 005 | 20260407155803.0 | ||
| 008 | 260407a1973 arg spa d | ||
| 003 | AR-UNSa-BCEJYS | ||
| 040 |
_aAR-UNSa-BCEJYS _bspa _cAR-UNSa-BCEJYS |
||
| 080 |
_a330.342.15 _xEconomía socialista. Economía comunista |
||
| 245 | 1 | 0 | _aSobre la teoría económica del socialismo |
| 020 | _a84-344-0689-6 | ||
| 250 | _a4a. ed | ||
| 264 | 1 |
_aBarcelona : _bAriel _c1973 |
|
| 300 |
_a153 p. _c18 cm. |
||
| 505 | _a1.Introducción - 2. La orientación de la producción en un estado socialista - 3. Sobre la teoría económica del socialismo | ||
| 041 | _aspa | ||
| 942 | _cBK | ||
| 590 | _aniveau_biblio:m niveau_hierar:0 | ||
| 100 | 1 | _aLange, Oskar | |
| 700 | 1 | _aTaylor, Fred M. | |
| 856 | 4 | 1 |
_uhttps://www.biblioeco.unsa.edu.ar/pmb/images/libros/L128353.jpg _yImagen de portada _qimage/jpeg |
| 999 |
_c5031 _d5031 |
||